000 00541nam a2200193Ia 4500
005 20250508163536.0
008 008 250505s9999 xx 000 0 eng d
037 _aTextual
040 _aFEDL
_beng
_cFEDL
041 _aeng
_2eng
084 _a370.9, CHA
_qFEDL
100 _aChaube S. P.
245 0 _aComparative education
260 _aNew Delhi, India
_bVikas Publishing House Private Limited
_c1993
300 _aix,582p
700 _a Chaube A.
_9775595
942 _cTEXL
_h370.9, CHA
999 _c1383973
_d1383973